[Event "Belgrade Nedeljkovic Memorial (Women)"]
[Site "Belgrade"]
[Date "2014.05.31"]
[Round "5"]
[White "Eric, Jovana"]
[Black "Gajic, Ivana"]
[Result "1-0"]
[WhiteElo "2137"]
[BlackElo "1750"]
[PlyCount "39"]
[EventDate "2014.05.30"]
[EventType "tourn"]
[EventRounds "9"]
[EventCountry "SRB"]
[SourceTitle "CBM 160 Extra"]
[Source "ChessBase"]
[SourceDate "2014.07.01"]
[SourceVersion "1"]
[SourceVersionDate "2014.07.01"]
[SourceQuality "1"]

1. e4 e5 2. Nf3 Nc6 3. Bb5 d6 4. 0-0 Nf6 5. d4 exd4 6. Nxd4 Bd7 7. Nc3 Nxd4 8. Bxd7+ Qxd7 9. Qxd4 Be7 10. b3 c5 11. Qd3 0-0 12. Bb2 Rad8 13. Rad1 Qe6 14. Ne2 Nxe4 15. Rfe1 Qg6 16. Nf4 Nxf2 17. Nxg6 Nxd3 18. Nxe7+ Kh8 19. Rxd3 Rfe8 20. Rdd1 1-0